Chuyện làng cổ Chùa Nam Nhã

Giới thiệu khái quát lịch sử hình thành, phát triển của Chùa Nam Nhã - Di tích lịch sử văn hóa tỉnh Cần Thơ

Guardat en:
Dades bibliogràfiques
Autor principal: Nguyễn, Sương
Format: Llibre
Idioma:Undetermined
Publicat: Cần Thơ Nxb. Đại học Cần Thơ 2015
Matèries:
Etiquetes: Afegir etiqueta
Sense etiquetes, Sigues el primer a etiquetar aquest registre!
Thư viện lưu trữ: Trung tâm Học liệu Trường Đại học Cần Thơ
LEADER 00779nam a2200229Ia 4500
001 CTU_229704
008 210402s9999 xx 000 0 und d
020 |c 35000 
082 |a 959.793 
082 |b S561/T.3 
100 |a Nguyễn, Sương 
245 0 |a Chuyện làng cổ 
245 0 |b Chùa Nam Nhã 
245 0 |c Nguyễn Sương 
260 |a Cần Thơ 
260 |b Nxb. Đại học Cần Thơ 
260 |c 2015 
520 |a Giới thiệu khái quát lịch sử hình thành, phát triển của Chùa Nam Nhã - Di tích lịch sử văn hóa tỉnh Cần Thơ 
650 |a Lịch sử,History 
650 |z Việt Nam,Vietnam 
910 |b nthai 
980 |a Trung tâm Học liệu Trường Đại học Cần Thơ